000 00821nam a2200241 a 4500
005 20231108063627.0
008 991125s1997 mx 000 0 spa u
020 _a9687798122
035 _aUPN01000031729
049 _aCG
050 4 _aLC67.68 M6
_bO3.4
100 1 _aOcegueda Hernández, Juan Manuel
_937775
245 1 0 _aIntegración económica regional y educación superior en México /
_cJuan Manuel Ocegueda Hernández.
260 _aMéxico :
_bANUIES,
_c1997.
300 _a140 p.
440 0 _aTemas de hoy en la educación superior ;
_v20
650 4 _aEDUCACION SUPERIOR -
_xASPECTOS ECONOMICOS -
_zMEXICO
_99184
650 4 _aEducación superior y Estado
_zMéxico
_95951
650 4 _aEducación y Estado
_919
651 4 _aMéxico
_xPolítica económica
_97138
905 _aLibro
999 _c31729
_d31729